000
00323 a2200157 4500
001
57870
020
_a
8531200296
040
_c
Anchieta - Pituba
100
_a
Oster, Jerry
240
1
0
_a
Saint Mike
_l
por
245
1
0
_a
Saint Mike
300
_a
252
362
0
_a
1988
650
4
_a
Ficção norte-americana
942
_c
BK
999
_c
57870
_d
57870